书目信息 |
| 题名: |
八极拳古传疗伤秘方精选
|
|
| 作者: | 李志文 主编 ;楚雨 , 李冰冰 编著 | |
| 分册: | ||
| 出版信息: | 北京 金盾出版社 2009 |
|
| 页数: | 210页 | |
| 开本: | 21cm | |
| 丛书名: | ||
| 单 册: | ||
| 中图分类: | R289.5 | |
| 科图分类: | ||
| 主题词: | 拳术--损伤--秘方--汇编 , 拳术 , 损伤 , 秘方 | |
| 电子资源: | ||
| ISBN: | 978-7-5082-5625-2 | |
| 000 | 01019nam0 2200301 45 | |
| 001 | 1033023593 | |
| 005 | 20100407170816.56 | |
| 010 | @a978-7-5082-5625-2@dCNY14.00 | |
| 100 | @a20100331d2009 em y0chiy50 ea | |
| 101 | 0 | @achi |
| 102 | @aCN@b110000 | |
| 105 | @aa z 000yy | |
| 106 | @ar | |
| 200 | 1 | @a八极拳古传疗伤秘方精选@ABa Ji Quan Gu Chuan Liao Shang Mi Fang Jing Xuan@f李志文主编@FLi Zhi Wen Zhu Bian@g楚雨,李冰冰编著 |
| 210 | @a北京@c金盾出版社@d2009 | |
| 215 | @a210页@c照片,图@d21cm | |
| 300 | @a齐德昭秘传 | |
| 330 | @a本书以疗伤秘方为主线,分别阐述了每个方剂的药物组成、功效主治、用法用量、方剂歌诀及疗伤食谱等,并简要介绍了与疗伤秘方有关的中医辨证施治和中药基本知识。 | |
| 606 | 0 | @a拳术@x损伤@x秘方@j汇编 |
| 606 | 0 | @a拳术 |
| 606 | 0 | @a损伤 |
| 606 | 0 | @a秘方 |
| 690 | @aR289.5@v4 | |
| 701 | 0 | @a李志文@ALi Zhi Wen@f(1955~)@4主编 |
| 702 | 0 | @a楚雨@AChu Yu@4编著 |
| 702 | 0 | @a李冰冰@ALi Bing Bing@4编著 |
| 801 | 0 | @aCN@bTANGWEI@c20100407 |
| 905 | @b0587615-19@dR289.5@e252@f5 | |
| 八极拳古传疗伤秘方精选/李志文主编/楚雨,李冰冰编著.-北京:金盾出版社,2009 |
| 210页:照片,图;21cm |
| 齐德昭秘传 |
| ISBN 978-7-5082-5625-2:CNY14.00 |
| 本书以疗伤秘方为主线,分别阐述了每个方剂的药物组成、功效主治、用法用量、方剂歌诀及疗伤食谱等,并简要介绍了与疗伤秘方有关的中医辨证施治和中药基本知识。 |
| ● |
| 相关链接 |
|
|
|
|
正题名:八极拳古传疗伤秘方精选
索取号:R289.5/252
 
预约/预借
| 序号 | 登录号 | 条形码 | 馆藏地/架位号 | 状态 | 备注 |
| 1 | 0587615 | 205876159 | 第二样本阅览室/ [索取号:R289.5/252] | 在馆 | |
| 2 | 0587616 | 205876168 | 第三借阅区/ [索取号:R289.5/252] | 在馆 | |
| 3 | 0587617 | 205876177 | 第三借阅区/ [索取号:R289.5/252] | 在馆 | |
| 4 | 0587618 | 205876186 | 第三借阅区/ [索取号:R289.5/252] | 在馆 | |
| 5 | 0587619 | 205876195 | 第三借阅区/ [索取号:R289.5/252] | 在馆 |